000 00996cab a2200265 4500
001 WB3019-41
008 090401t1994 xxu||||| |||| 00| 0 eng d
035 _a(Sirsi) u53231
041 _aeng
245 _aSolicitor`s obligations
260 _c1994
350 _a0
490 _aTimes
_v19 May 1994, 32(1)
520 _aIn "Mortgage Express Ltd v Bowerman & Partners" it was held that £24,000 was to be deducted from damages claimed by Mortgage Express Ltd, in connection with an action for negligence brought against B. This involved accuracy of a valuation obtained for the purposes of making a loan for the purchase of property.
650 _aACCURACY
650 _aBANQUE BRUXELLES LAMBERT SA V EAGLE STAR INSURANCE CO LTD
650 _aBAXTER V GAPP & CO
650 _aFALLING MARKET
650 _aNEGLIGENCE
650 _aSOLICITORS
650 _aValuation
_96273
690 _aMANAGEMENT-BUSINESS MANAGEMENT-PROFESSIONAL PRACTICE
942 _n0
948 _c04/03/1997
999 _c32832
_d32832